00469nam a22001697a 4500003000900000005001700009008003000026020002700056040002200083082001700105100002300122245005700145260003100202300002600233490002000259830002000279DO-SdBNP20180216141947.0180216b 1988 mx a00| 0 spa d a9683303056 (volumen 5) aBPMSUbspacBPMSU 4axxxxxbxxxxx1 aAnzures Paz, Bruna1 aComó funciona en la industria /cBruna Anzures Paz aMéxico :bCumbre,c1988. a79 p. :bil.,c26 cm.1 aCómo funciona 0aCómo funciona